All that's left to you : (Record no. 15400)

MARC details
000 -LEADER
fixed length control field 01370cam a2200361 a 4500
001 - CONTROL NUMBER
control field 583183
003 - CONTROL NUMBER IDENTIFIER
control field EG-ScBUE
005 - DATE AND TIME OF LATEST TRANSACTION
control field 20220811092017.0
008 - FIXED-LENGTH DATA ELEMENTS--GENERAL INFORMATION
fixed length control field 921207s2004 mau f 000 1 eng d
020 ## - INTERNATIONAL STANDARD BOOK NUMBER
International Standard Book Number 1566565480
020 ## - INTERNATIONAL STANDARD BOOK NUMBER
International Standard Book Number 9781566565486
040 ## - CATALOGING SOURCE
Original cataloging agency DLC
Language of cataloging eng
Description conventions rda
Transcribing agency DLC
Modifying agency EG-ScBUE
041 1# - LANGUAGE CODE
Language code of text/sound track or separate title eng
Language code of original and/or intermediate translations of text ara
082 04 - DEWEY DECIMAL CLASSIFICATION NUMBER
Edition number 22
Classification number 892.736
Item number KAN
100 1# - MAIN ENTRY--PERSONAL NAME
Personal name Kanafani, Ghassan,
Relator term author.
9 (RLIN) 24132
245 10 - TITLE STATEMENT
Title All that's left to you :
Remainder of title a novella and other stories /
Statement of responsibility, etc by Ghassan Kanafani ; translated by May Jayyusi and Jeremy Reed ; with an introduction by Roger Allen.
264 #1 - PUBLICATION, DISTRIBUTION, ETC. (IMPRINT)
Place of publication, distribution, etc Northampton, Massachusetts :
Name of publisher, distributor, etc Interlink Publishing Group, Inc.,
Date of publication, distribution, etc 2004.
300 ## - PHYSICAL DESCRIPTION
Extent xxi, 128 pages ;
Dimensions 22 cm.
336 ## - CONTENT TYPE
Source rdacontent
Content type term text
Content type code txt
337 ## - MEDIA TYPE
Source rdamedia
Media type term unmediated
Media type code n
338 ## - CARRIER TYPE
Source rdacarrier
Carrier type term volume
Carrier type code nc
490 0# - SERIES STATEMENT
Series statement Interlink world fiction
546 ## - LANGUAGE NOTE
Language note Text in English ; translated from the original Arabic.<br/>
650 ## - SUBJECT ADDED ENTRY--TOPICAL TERM
Source of heading or term BUEsh
651 #7 - SUBJECT ADDED ENTRY--GEOGRAPHIC NAME
9 (RLIN) 24130
Geographic name Palestinian Arabs
Geographic subdivision Gaza Strip
Form subdivision Fiction.
Source of heading or term BUEsh
651 #7 - SUBJECT ADDED ENTRY--GEOGRAPHIC NAME
9 (RLIN) 24131
Geographic name Palestine
Form subdivision Fiction.
Source of heading or term BUEsh
653 ## - INDEX TERM--UNCONTROLLED
Arrived date list May2011
Resource For college Generalities
655 ## - INDEX TERM--GENRE/FORM
Form subdivision Reading book
9 (RLIN) 34232
700 1# - ADDED ENTRY--PERSONAL NAME
Personal name Jayyusi, May,
Relator term translator.
9 (RLIN) 24133
700 1# - ADDED ENTRY--PERSONAL NAME
Personal name Reed, Jeremy.
Relator term trl
9 (RLIN) 24134
942 ## - ADDED ENTRY ELEMENTS (KOHA)
Source of classification or shelving scheme Dewey Decimal Classification
Koha item type Book - Borrowing
Holdings
Withdrawn status Lost status Source of classification or shelving scheme Damaged status Not for loan Collection code Home library Current library Shelving location Date acquired Source of acquisition Cost, normal purchase price Serial Enumeration / chronology Total Checkouts Total Renewals Full call number Barcode Date last seen Date checked out Price effective from Koha item type
    Dewey Decimal Classification     Baccah Central Library Central Library Second Floor 26/05/2011   150.00 12544 4 10 892.736 KAN 000023727 15/07/2025 17/02/2025 26/05/2011 Book - Borrowing